Sanitarios militares en las islas Marianas, 1521-1898 / (Registro nro. 190620)

Detalles MARC
000 -LEADER
campo de control de longitud fija 01305nam a2200313 i 4500
001 - NÚMERO DE CONTROL
campo de control 190620
003 - IDENTIFICADOR DE NÚMERO DE CONTROL
campo de control ES-MaACL
005 - FECHA Y HORA DE LA ÚLTIMA TRANSACCIÓN
campo de control 20250804063446.0
008 - DATOS DE LONGITUD FIJA--INFORMACIÓN GENERAL
campo de control de longitud fija 220223s2015 sp a s001 0dspa
020 ## - NÚMERO INTERNACIONAL ESTÁNDAR DEL LIBRO
Número Internacional Estándar del Libro 978-84-9091-037-5
080 ## - NÚMERO DE LA CLASIFICACIÓN DECIMAL UNIVERSAL
Número de la Clasificación Decimal Universal 356.3:61(460)(091)
080 ## - NÚMERO DE LA CLASIFICACIÓN DECIMAL UNIVERSAL
Número de la Clasificación Decimal Universal 929(460):61
080 ## - NÚMERO DE LA CLASIFICACIÓN DECIMAL UNIVERSAL
Número de la Clasificación Decimal Universal 94(966.3)(091)
100 1# - ENTRADA PRINCIPAL--NOMBRE DE PERSONA
Nombre de persona Belaústegui Fernández, Alejandro,
Fechas asociadas al nombre 1935-
Término indicativo de función/relación Autor
9 (RLIN) 27126
245 10 - MENCIÓN DEL TÍTULO
Título Sanitarios militares en las islas Marianas, 1521-1898 /
Mención de responsabilidad, etc. Alejandro Belaústegui Fernández
260 ## - PUBLICACIÓN, DISTRIBUCIÓN, ETC.
Lugar de publicación, distribución, etc. [Madrid] :
Nombre del editor, distribuidor, etc. Ministerio de Defensa, Secretaría General Técnica,
Fecha de publicación, distribución, etc. 2015
300 ## - DESCRIPCIÓN FÍSICA
Extensión 161 páginas :
Otras características físicas ilustraciones (blanco y negro y color), mapas ;
Dimensiones 24 cm
490 1# - MENCIÓN DE SERIE
Mención de serie La lucha contra el olvido ;
Designación de volumen o secuencia 10
RLIN 189172
504 ## - NOTA DE BIBLIOGRAFÍA, ETC.
Nota de bibliografía, etc. Bibliografía: páginas [155]-157.
650 #4 - PUNTO DE ACCESO ADICIONAL DE MATERIA--TÉRMINO DE MATERIA
Término de materia o nombre geográfico como elemento de entrada Sanidad militar-
Subdivisión geográfica España-
Subdivisión de forma Historia
9 (RLIN) 16984
650 #7 - PUNTO DE ACCESO ADICIONAL DE MATERIA--TÉRMINO DE MATERIA
Término de materia o nombre geográfico como elemento de entrada Médicos-
Subdivisión geográfica España-
Subdivisión de forma Biografías
9 (RLIN) 144463
651 #7 - PUNTO DE ACCESO ADICIONAL DE MATERIA--NOMBRE GEOGRÁFICO
Nombre geográfico Marianas (Islas)-
Subdivisión general Historia
9 (RLIN) 174193
710 1# - ENTRADA AGREGADA--NOMBRE DE ENTIDAD CORPORATIVA
Nombre de entidad corporativa o nombre de jurisdicción como elemento de entrada España.
Unidad subordinada Ministerio de Defensa.
-- Secretaría General Técnica
Término indicativo de función/relación Editor
9 (RLIN) 238621
830 #3 - PUNTO DE ACCESO ADICIONAL DE SERIE-TÍTULO UNIFORME
Título uniforme La lucha contra el olvido ;
Designación de volumen o secuencia 10
9 (RLIN) 189172
852 4# - LOCALIZACIÓN
Ubicación ES-MaACL
Sublocalización o colección R.153147
Ubicación en estantería Depósito 1
Signatura antigua Olim: N-7883
Donativo/Legado Donación Ministerio de Defensa
Número de control de estantería A-14883
itemnumber 197799
942 ## - ELEMENTOS DE ENTRADA SECUNDARIOS (KOHA)
Fuente del sistema de clasificación o colocación Clasificación decimal universal
Tipo de ítem Koha Libro impreso
Suprimir en OPAC No
Existencias
Estatus retirado Estado de pérdida Fuente del sistema de clasificación o colocación Estado de daño No para préstamo Biblioteca de origen Biblioteca actual Ubicación en estantería Fecha de adquisición Fuente de adquisición Total de préstamos Signatura topográfica completa Código de barras Visto por última vez Tipo de ítem Koha
    Clasificación decimal universal     Biblioteca del Ateneo de Madrid Biblioteca del Ateneo de Madrid Depósito 1 23/02/2022 Donación   A-14883 1202839 23/02/2023 Libro impreso